| 000 | 00469nam a22001817a 4500 | ||
|---|---|---|---|
| 999 |
_c1920 _d1920 |
||
| 003 | OSt | ||
| 005 | 20180921182700.0 | ||
| 008 | 180921b ||||| |||| 00| 0 eng d | ||
| 020 | _a0721401163 | ||
| 040 | _cDLC | ||
| 082 |
_a942 _bB787L |
||
| 100 | _aBowood, Richard | ||
| 245 |
_aA ladybird book of our land in the making / _cBy Richard Bowood |
||
| 260 |
_aEngland : _bLady Bird Book Ltd., _cc1966. |
||
| 300 | _a50 p.: | ||
| 650 | _aGreat Britain | ||
| 942 |
_2ddc _cBK |
||